000 00724nam a2200193 a 4500
008 060316s1985 ||||||||||||||||| || u
020 _a0582305292
050 _aTH 7703 Pri
100 _aPritchard, David Christopher
245 1 0 _aLighting. (3rd ed.)
250 _a3rd ed.
260 _aLondon :
_bLongman
_c1985
300 _a153 p. : ill.
350 _a0.00
650 _aENERGY
650 _aLIGHTING
995 _aTEXTBOOKS (SBE)
_D0.00
_e2696
_FCBU-SCHOOL TEXTBOOK COLLECTIONS
_H1
_I0.00
_jSCHOOL TEXTBOOK
_M2
_UAVAILABLE
_WNov 19, 2008
_y2696
_ZSchool Collections
995 _aMAIN LIBRARY OPEN ACCESS
_D0.00
_e016789
_FCBU-MAIN LIBRARY (Kitwe)
_H1
_I8.50
_jTH 7703 Pri
_UAVAILABLE
_y016789
_ZMain Library Open Access Collection
999 _c82194
_d82194